000 00852nam a22002297a 4500
003 BJBSDDR
005 20260514154243.0
007 ta
008 260514s2010 nyu||||| |||| 00| 0 eng d
020 _a9781586487430
020 _a1586487434
040 _bspa
_cBJBSDDR
041 _aeng
050 _bP273 2010
100 1 _aPartnoy, Frank
_928559
245 1 4 _aThe match king Ivar Kreuger, the financial genius behind a century of Wall Street scandals /
_cFrank Partnoy
260 _aNew York :
_bPublicAffairs,
_c2010
300 _axii, 272 pages ;
_c 21 cm
520 _aPresents the life and career of the early twentieth-century Sweden financier, who used innovative financial tactics, both legal and illegal, to create his industrial empire, the collapse of which led to his suicide in 1932
942 _2lcc
_n0
_cBK
946 _icmc
999 _c127103
_d127103